| 000 | 01546nam0a2200409 4500 | ||
|---|---|---|---|
| 001 | RU\NLR\bibl\387706 | ||
| 005 | 20250622155646.0 | ||
| 010 |
_a5-8426-0003-X _91000 |
||
| 021 |
_aRU _b2002-67438 _93268 |
||
| 035 | _a(NLR Aleph) 000382051 | ||
| 090 |
_a461873 _c461873 |
||
| 100 | _a20030402d2002 |||y0rusy50 ca | ||
| 101 | 0 | _arus | |
| 102 | _aRU | ||
| 105 | _aa ||||||||| | ||
| 200 | 1 |
_aПоследний из пушкинской плеяды _eН. М. Языков, 200 лет, 1803-2003 _e[Ист.-док. повествование] _fАлександр Рассадин |
|
| 210 |
_aУльяновск _cСимб. кн. _d2002 |
||
| 215 |
_a198, [1] с. _cил. _d17 |
||
| 320 | _aБиблиогр. в подстроч. прим. | ||
| 320 | _aУказ. имен: с. 195-198 | ||
| 600 | 1 |
_aЯзыков _bН. М. _f1803-1847 _gНиколай Михайлович _2psbo |
|
| 600 | 1 |
_aЯзыков _bН.М. _f1803 - 1846 _gНиколай Михайлович _91658623 _3RU\NLR\auth\661033404 |
|
| 610 | 0 | _aРусская поэзия | |
| 675 |
_a821.161.1.09 _v3 _zrus |
||
| 675 |
_a929Языков _v3 _zrus |
||
| 686 |
_a17 _2rugasnti |
||
| 686 |
_a83.3(2Рос-Рус)1 _2rubbk |
||
| 686 | _aШ5(2=Р)51-4Языков | ||
| 700 | 1 |
_aРассадин _bА. П. _gАлександр Павлович _4070 |
|
| 801 | 0 |
_aRU _bRKP _c20030402 _gPSBO |
|
| 801 | 1 |
_aRU _bRKP _c20030402 |
|
| 801 | 2 |
_aRU _bNLR _c20030528 _grcr |
|
| 942 | _cBOOK | ||
| 980 | _aNB | ||